000 00619cam a2200205ua 4500
001 12109
005 20260515114835.0
008 200220n ii |||gr||||Z||||||eng
020 _a9789381138816
040 _cMAIN
082 _a331.702
100 _aPriyanka Sengupta,
_eAuthor.
245 _aEncyclopaedia of career counselling :
_bCounselling skills for teachers volume III /
_cBy Priyanka Sengupta and Aswani Rai .
250 _a1st ed. /
_bV.III.
260 _aDelhi:
_bPacific books international,
_c2012.
300 _a267p.
653 _aLabor economics
700 _aAswani Rai,
_eAuthor.
942 _cBK
999 _c10868
_d10868